000 00261nam a2200097Ia 4500
008 230907s9999||||xx |||||||||||||| ||und||
082 _a341.734,NUC
245 0 _aNuclear non-proliferation in international law - volume I/
300 _axii, 260 p.:
942 _cBK
999 _c597661
_d597661